000 01337cam a2200145 4500500
005 20260329023219.0
041 _afre
042 _adc
100 1 0 _aStalloni, Yves
_eauthor
700 1 0 _aBergez, Daniel
_eauthor
245 0 0 _aÉcoles et courants littéraires
260 _bArmand Colin,
_c2025.
520 _aVictime du discrédit dont a été l’objet, jusqu’à un passé récent, l’histoire littéraire, l’étude des écoles et courants littéraires a été délaissée car jugée trop schématique ou réductrice. Or cette manière de décrire la littérature peut constituer une approche féconde que la critique moderne redécouvre et que l’enseignement des lettres ne peut ignorer. En interrogeant la formation d’un mouvement littéraire, de la Pléiade à l’Oulipo, sa définition, sa chronologie, ses représentants, ses textes fondateurs, ses œuvres emblématiques mais aussi les rapports qu’il entretient avec des sensibilités voisines ou opposées, l’auteur propose un parcours précis et pertinent de la littérature française du Moyen Âge à nos jours.Cette troisième édition, revue et corrigée, propose de nouveaux développements sur la littérature du Moyen Âge.
856 4 1 _uhttps://shs.cairn.info/ecoles-et-courants-litteraires--9782200641184?lang=fr&redirect-ssocas=7080
999 _c1925545
_d1925545